Sequoia's Top 10 Taylor Swift Songs - Statistics

General Stats
  • This quiz has been taken 4 times
  • The average score is 2 of 10
Answer Stats
Ranking Song % Correct
#6 exile
75%
#3 seven
50%
#2 gold rush
25%
#5 mad woman
25%
#7 my tears ricochet
25%
#10 New Romantics
0%
#4 The Great War
0%
#9 The Last Time
0%
#8 Would've, Could've, Should've
0%
#1 You're Losing Me
0%
No matching quizzes found
Score Distribution
Percent of People with Each Score
Percentile by Number Answered
Your Score History
You have not taken this quiz